Los desafíos de equidad y protección social. Tipología de la realidad social latinoamericana /
Bewaard in:
| Hoofdauteur: | |
|---|---|
| Formaat: | Onbekend |
| Gepubliceerd in: |
Santiago:
LOM Ediciones
|
| Onderwerpen: | |
| Tags: |
Voeg label toe
Geen labels, Wees de eerste die dit record labelt!
|
MARC
| LEADER | 00000 a2200000 04500 | ||
|---|---|---|---|
| 001 | 35234 | ||
| 003 | cru IIS | ||
| 005 | 20230508090741.0 | ||
| 008 | 991231s d | ||
| 040 | |c CRAI/IIS | ||
| 090 | |a 0001 H268e | ||
| 100 | |a Amadeo, Eduardo | ||
| 245 | |a Los desafíos de equidad y protección social. |b Tipología de la realidad social latinoamericana / |c Eduardo Amadeo | ||
| 260 | |a Santiago: |b LOM Ediciones | ||
| 300 | |a 229-246p. | ||
| 650 | |a SOCIEDAD | ||
| 650 | |a AMERICA LATINA | ||
| 650 | |a POLITICA SOCIAL | ||
| 650 | |a DEMOCRATIZACION | ||
| 650 | |a REFORMA ECONOMICA | ||
| 650 | |a MIGRACION | ||
| 650 | |a IGUALDAD DE GENERO | ||
| 650 | |a COMUNICACION | ||
| 650 | |a VIOLENCIA | ||
| 650 | |a AMERICA LATINA | ||
| 942 | |2 ddc |c LI | ||
| 999 | |c 11118 |d 11118 | ||
| 773 | 0 | |0 3325 |9 8782 |a Amadeo, Eduardo |d Santiago: LOM Ediciones 2004 |o 03021 |t Equidad y protección social: desafíos de políticas sociales en América Latina / |w (cru CIDCAS/IIS)35231 |x [sin ISBN] |z [sin ISBN] | |
